| 000 | 01010nas a2200337 4500 | ||
|---|---|---|---|
| 001 | BR2010003177 | ||
| 003 | BR-BrBNA | ||
| 005 | 20231205114111.0 | ||
| 007 | ta | ||
| 008 | 230509b bl.|||p| |||| 00| 00por d | ||
| 040 |
_aBR-BrBNA _bpor _cBiblioteca Nacional de Agricultura |
||
| 041 | _a(En) | ||
| 072 | _aL51 | ||
| 100 | 1 | _aMoura, R.S. de | |
| 100 | 1 | _aSaliba, E. de O.S. | |
| 100 | 1 | _aAlmeida, F.Q. de | |
| 100 | 1 | _aLana, A.M.Q. | |
| 100 | 1 | _aSilva, V.P. | |
| 100 | 1 | _aRezende, A.S.C. de | |
| 245 | 1 | _aFeed efficiency in Mangalarga Marchador foals fed diet supplemented with probiotics or phytase | |
| 650 | _aCAVALO | ||
| 650 | _aMATÉRIA SECA | ||
| 650 | _aGANHO DE PESO | ||
| 650 | _aPOTRO | ||
| 650 | _aEFICIÊNCIA NUTRICIONAL | ||
| 650 | _aDIETA | ||
| 650 | _aCONVERSÃO ALIMENTAR | ||
| 773 | 0 |
_tRevista Brasileira de Zootecnia (Brazil) _xISSN 1516-3598 _g(Jun 2009), v. 38(6) p. 1045-1050 _wBR2010003177 |
|
| 909 |
_a202311 _bLúcia _c55 _dLúcia Elande |
||
| 942 |
_2AGRIS _n0 _cANA |
||
| 999 |
_c207078 _d207078 |
||